000 00400nam a2200157Ia 4500
008 210716s2005 xx 000 0 und d
020 _a0761933123
041 _aeng
082 _a150 JOSV
100 _aJoshi, Vinay.
245 _aStress: from burnout to balance.
_bFrom burnout to balance.
250 _a1
260 _aNew Delhi
_bResponse Books
_c2005
300 _a209
650 _aPsychology
999 _c199581
_d199581